| 000 | 00608nam a2200181 a 4500 | ||
|---|---|---|---|
| 999 |
_c2204 _d2204 |
||
| 001 | 2204 | ||
| 003 | CDMR | ||
| 005 | 20260515062531.0 | ||
| 008 | 130130s ||||||||||||||||||||||||||||d | ||
| 040 |
_aCDMR _bcat _cCDMR |
||
| 100 | 1 |
_aHuertas, Josep Maria _d1939-2007 _928 |
|
| 245 | 1 | 3 |
_aLa premsa de barris a Barcelona _b: 1939-1982 _c / [catàleg de Josep M. Huertas, Manuel Vilaseró] |
| 260 |
_aBarcelona : _bDiputació de Barcelona. Servei de Premsa, _c1982 |
||
| 300 | _a23 p. | ||
| 650 | 0 | 4 |
_91509 _aPremsa _zBarcelona _xHistòria _y1939-1982 |
| 700 | 1 |
_93801 _aVilaseró i Not, Manuel |
|
| 942 |
_cFULLET _2udc |
||